000 00373nam a2200145Ia 4500
008 230917s9999||||xx |||||||||||||| ||und||
040 _e118880
_aMAIN
041 _aEnglish
082 _a338.4791 C399C
100 _aChawla, Romila, ed.
245 0 _aCoastal tourism and development
260 _aNew Delhi
_bSonali Publications
_c2004
300 _a236 p.
942 _cBK
999 _c129431
_d129431